1238 1393 1614 1003 1812 1851 1819 1751 1261 1563 1388 1537 1509 1427 1835 1466 1271 1074 1884 1876 1353 1386 1556 1161 1163 1440 1289 1259 1796 1169 1714 1703 1495 1870 1856 1074 1472 1381 1597 1845 1267 1311 1262 1354 1255 1688 1158 1954 1168 1032 1568 1233 1568 1067 1156 1924 1196 1980 1805 1515 1858 1029 1594 1670 1805 1786 1810 1413 1633 1542 1392 1212 1701 1046 1527 1567 1765 1400 1578 1119 1773 1757 1925 1960 1651 1346 1968 1631 1752 1175 1238 1663 1338 1361 1133 1300 1386 1488 1227 BCNSPRNW ULIB Ver.6.0+V

เปลี่ยนเป็นภาษาไทย

Change to English
 แสดงรายละเอียดบรรณานุกรม
  กลับหน้าหลัก

Brief Record : Get Marc (ISO 2709) : E-mail record : QR code < ปิดหน้าต่าง
LEADER : 00000nam 2200000uu 4500
001    13399112375
003     ULIB
008    110809s2549||||th 000 0 tha d
020    9749507606
020    9789749507605
060 04 QV77.2^bม456ค 2549
100 0  มาโนช หล่อตระกูล
245 10 คู่มือการใช้ยาทางจิตเวช /^cมาโนช หล่อตระกูล
250    พิมพ์ครั้งที่ 3
260    กรุงเทพฯ :^bหมอชาวบ้าน,^c2549
300    172 หน้า ;^c21 ซม.
650  7 ยารักษาทางระบบประสาทและจิต
650  7 จิตเภสัชวิทยา
945    ^p150^l0^i14198
945    ^p150^l0^i14197
995    กัณชพร
999     ^aใช้งานได้ทุกระบบ
รายการนี้ยังไม่มีแท็ก
คุณยังไม่ได้ล็อกอิน คุณสามารถมีกิจกรรมร่วมกับเว็บไซต์ได้ แต่ต้องล็อกอินก่อน ::
  ล็อกอิน

รายการสื่อสารสนเทศ

ลำดับที่ ประเภท เลขเรียก/บาร์โค้ด สถานที่ สถานะ
1. วิทยาศาสตร์การแพทย์ และสุขภาพ
วิทยาศาสตร์การแพทย์ และสุขภาพ
QV77.2 ม456ค 2549 ฉ.2 
  Barcode: 14197
ห้องสมุดวิทยาเขตสวรรค์ประชารักษ์
►หนังสือทั่วไป
บนชั้น

รายการใกล้เคียง
    ผู้แต่ง [มาโนช หล่อตระกูล]

    หัวเรื่อง [ยารักษาทางระบบประสาทและจิต]
    หัวเรื่อง [จิตเภสัชวิทยา]

BibComment


ยังไม่เคยถูกคอมเมนท์

คอมเมนท์ทรัพยากรรายการนี้
  คอมเมนท์: คู่มือการใช้ยาทาง..


 Copyright 2026. Bcnsprnw @Library